Pokoloruj szopkę bożonarodzeniową - Statystyki

Ogólne statystyki
  • Ten quiz został rozwiązany 2 305 razy
  • Średni wynik to 8 z 12
Odpowiedzi na mapie
Odpowiedzi zakodowano w zielono-czerwonej skali na mapie do tego quizu, zgodnie z poniższymi procentami.
 
Statystyki odpowiedzi
Pytanie Odpowiedź % Poprawnych
Kto przynosi dzieciom prezenty? św. Mikołaj
99%
Czym łamiemy się w wigilię? Opłatek
97%
Klasyczna zupa na wigilię, najczęściej z uszkami Barszcz
96%
W jakim mieście urodził się Jezus? Betlejem
90%
Jaką nazwę nosi świąteczna msza odprawiana o północy? Pasterka
90%
Dokończ tekst kolędy: "Gdy się Chrystus rodzi i na ______" Świat przychodzi
78%
W którym kraju rozpoczęła się tradycja choinki bożonarodzeniowej? Niemcy
74%
Co znaczy "Feliz Navidad" po polsku? Wesołych świąt
74%
Jaki kwiat jest związany z Bożym Narodzeniem? Gwiazda betlejemska
48%
W jakim regionie zakończenie adwentu sygnalizują nietypowe dźwięki ligawek, które słychać aż do samej Wigilii. Podlasie
12%
Twórca pierwszej szopki bożonarodzeniowej św. Franciszek z Asyżu
11%
Gdzie znajduje się największa ruchoma szopka w Europie? Poznań
10%
Nie znaleziono quizów pasujących do podanych kryteriów
Rozkład punktacji
Procent ludzi z każdym wynikiem
Percentyl według liczby udzielonych odpowiedzi
Twoja historia wyników
Nie rozwiązałeś tego quizu